Normal view
MARC view
- اللغة العربية-بلاغة-الاسلوب الادبي-الادب العربي-تاريخ ونقد
Entry Topical Term
001 - CONTROL NUMBER
- control field: 15075
003 - CONTROL NUMBER IDENTIFIER
- control field: JO-AjAnu
005 - DATE AND TIME OF LATEST TRANSACTION
- control field: 20230606072715.0
008 - FIXED-LENGTH DATA ELEMENTS
- fixed length control field: 230606|| aca||aabn | a|a d
040 ## - CATALOGING SOURCE
- Original cataloging agency: JO-AjAnu
- Transcribing agency: JO-AjAnu
150 ## - HEADING--TOPICAL TERM
- Topical term or geographic name entry element: اللغة العربية-بلاغة-الاسلوب الادبي-الادب العربي-تاريخ ونقد
670 ## - SOURCE DATA FOUND
- Source citation: Work cat.: (JO-AjAnu)7740: تاليف الشياب، أحمد, author 15074, الأسلوب دراسة بلاغية تحليلية لأصول الأساليب الأدبية